Transformation de l'economie <l'> experience de la République slovaque et des autres pays d'Europe centrale dans la transition vers une économie de marché. IV. Conférence Internationale du Réseau PGV. Bratislava, le 14 - 16 mai 1998

Uložené v:
Podrobná bibliografia
Korporativný autor: Transformation de l'economie. Conference scientifique internationale
Ďalší autori: Macko, Ján, Breveníková, Daniela
Médium: Kniha
Jazyk:French
Vydavateľské údaje: Bratislava Ekonóm 1998
Predmet:
Tagy: Pridať tag
Žiadne tagy, Buďte prvý, kto otaguje tento záznam!

MARC

LEADER 00000nam a2200000 4500
001 c115934
005 20240104091713.9
020 |a 80-225-0988-4 
041 0 |a fre 
044 |a SK 
245 1 0 |a Transformation de l'economie  |b <l'> experience de la République slovaque et des autres pays d'Europe centrale dans la transition vers une économie de marché. IV. Conférence Internationale du Réseau PGV. Bratislava, le 14 - 16 mai 1998  |c rédacteurs: Ján Macko, Daniela Breveníková 
264 1 |a Bratislava  |b Ekonóm  |c 1998 
300 |a 220 s. 
610 2 0 |a politika hospodárska 
610 2 0 |a teórie ekonomické 
610 2 0 |a transformácia 
610 2 0 |a obchod 
610 2 0 |a podnik 
610 2 0 |a účtovníctvo 
610 2 0 |a informatika 
610 2 0 |a zamestnanosť 
610 2 0 |a disparita 
610 2 0 |a komunikácia 
610 2 0 |a projekty 
610 2 0 |a výskum 
610 2 0 |a granty 
610 2 0 |a spolupráca vedecká medzinárodná 
610 2 0 |a veda 
610 2 0 |a ekonómia 
610 2 0 |a Slovensko 
610 2 0 |a stredná Európa 
700 1 |a Macko, Ján 
700 1 |a Breveníková, Daniela 
110 2 |a Transformation de l'economie. Conference scientifique internationale